Crafting labor policy: techniques and lessons from Latin America (Record no. 288354)

000 -LEADER
fixed length control field 00536cam a22001577a 4500
008 - FIXED-LENGTH DATA ELEMENTS--GENERAL INFORMATION
fixed length control field 180718b2002 xxu||||| |||| 00| 0 eng d
020 ## - INTERNATIONAL STANDARD BOOK NUMBER
International Standard Book Number 0821351117
082 ## - DEWEY DECIMAL CLASSIFICATION NUMBER
Classification number R1x8 G41
245 ## - TITLE STATEMENT
Title Crafting labor policy: techniques and lessons from Latin America
Statement of responsibility, etc. edited by Indermit S. Gill, Claudio E. Montenegro and Dorte Domeland
260 ## - PUBLICATION, DISTRIBUTION, ETC.
Place of publication, distribution, etc. Washington, D.C.
Name of publisher, distributor, etc. World Bank
Date of publication, distribution, etc. 2002
300 ## - PHYSICAL DESCRIPTION
Extent 279p.
650 ## - SUBJECT ADDED ENTRY--TOPICAL TERM
Topical term or geographic name entry element Labour policy - Latin America
700 ## - ADDED ENTRY--PERSONAL NAME
Personal name Domeland, Dorte
700 ## - ADDED ENTRY--PERSONAL NAME
Personal name Montenegro, Claudio E.
700 ## - ADDED ENTRY--PERSONAL NAME
Personal name Gill, Indermit S.
Holdings
Withdrawn status Lost status Damaged status Not for loan Permanent Location Current Location Date acquired Full call number Barcode Date last seen Price effective from Koha item type
        Indian Institute of Public Administration Indian Institute of Public Administration 2002-10-29 R1x8 G41 WB9403 2018-07-20 2018-07-20 WB

Powered by Koha